000 00249nam a2200097 a 4500
005 20200930075820.0
008 120120s2004 000 spa d
245 0 _aNiƱos, salud y ciencia : actividades...
260 _as. l.,
_cs. f.
999 _c36079
_d36079
040 _aDO-SdBNP